Prontuario jurídico o Compilación de leyes, decretos, reglamentos y circulares vigentes espedidos y restablecidos para la administración de justicia. (Record no. 153801)

MARC details
000 -LEADER
campo de control de longitud fija 01882nam a22002775i 4500
001 - NÚMERO DE CONTROL
campo de control 153801
003 - IDENTIFICADOR DE NÚMERO DE CONTROL
campo de control ES-MaACL
005 - FECHA Y HORA DE LA ÚLTIMA TRANSACCIÓN
campo de control 20250827062634.0
008 - DATOS DE LONGITUD FIJA--INFORMACIÓN GENERAL
campo de control de longitud fija 990505s1839 sp |||| | spa d
040 ## - FUENTE DE CATALOGACIÓN
Centro catalogador/agencia de origen M-RACM
Lengua de catalogación spa
Centro/agencia transcriptor M-RACM
Centro/agencia modificador CCPB | B
110 1# - ENTRADA PRINCIPAL--NOMBRE DE ENTIDAD CORPORATIVA
Nombre de entidad corporativa o nombre de jurisdicción como elemento de entrada España
9 (RLIN) 3622
240 10 - TÍTULO UNIFORME
Título uniforme Leyes, etc.
245 10 - MENCIÓN DEL TÍTULO
Título Prontuario jurídico o Compilación de leyes, decretos, reglamentos y circulares vigentes espedidos y restablecidos para la administración de justicia.
260 ## - PUBLICACIÓN, DISTRIBUCIÓN, ETC.
Lugar de publicación, distribución, etc. Madrid :
Nombre del editor, distribuidor, etc. Librería de Rios,
Fecha de publicación, distribución, etc. 1839 (
Fabricante Imprenta de D. Ramón Verges)
300 ## - DESCRIPCIÓN FÍSICA
Extensión v. ;
Dimensiones 16 cm.
505 8# - NOTA DE CONTENIDO CON FORMATO
Nota de contenido con formato Contiene: t. 1. Desde Enero de 1834 hasta 5 de Junio de 1839 (LVI, 387 p.) -- t. 2. Suplemento al prontuario en el que se contienen las disposiciones legales no incluidas en el prontuario que abraza desde 1.º de enero de 1834 hasta 5 de junio de 1839, y además todas las espedidas y restablecidas desde esta última fecha hasta fin de diciembre de 1840 (499 p.) -- t. 3. Las disposiciones legales espedidas desde 1.º de enero de 1841, hasta 9 de julio de 1842. Y además un índice cronológico de aquellas que han sido restablecidas y se contienen en los tomos 1.º y 2º de esta compilacion ( 291 p.) -- t. 4. Apendice a los tomos anteriores, y además todas las disposiciones legales publicadas y restablecidas desdee 9 de julio de 1842 hasta fin de diciembre de 1843 (XVI, 304 p.)
594 #1 - Nota al título y mención de responsabilidad
Nota al título y mención de responsabilidad Según Palau el compilador fue Fermín Verlanga Huerta.
596 #1 - NOTA AL PIE DE IMPRENTA
NOTA AL PIE DE IMPRENTA Los t. 2-4 fueron impresos en la Imp. de Yenes.
597 #1 - NOTA DE DESCRIPCIÓN FÍSICA
NOTA DE DESCRIPCIÓN FÍSICA Port. con grab.
651 #0 - PUNTO DE ACCESO ADICIONAL DE MATERIA--NOMBRE GEOGRÁFICO
Nombre geográfico España-
Subdivisión general Legislación-
Subdivisión cronológica S. XIX
9 (RLIN) 222256
700 1# - ENTRADA AGREGADA--NOMBRE PERSONAL
Nombre de persona Verlanga Huerta, Fermín,
Término indicativo de función/relación
9 (RLIN) 114143
740 0# - ENTRADA AGREGADA--TÍTULO RELACIONADO/ANALÍTICO NO CONTROLADO
Título relacionado o analítico no controlado Compilación de leyes, decretos, reglamentos y circulares vigentes ...
752 ## - ENTRADA AGREGADA--NOMBRE JERÁRQUICO DEL LUGAR
País o entidad superior España -
Ciudad Madrid
852 ## - LOCALIZACIÓN
Ubicación ES-MaACL
Número de control de estantería D-315-318
Nota libre -- Enc. pasta española
Holdings
Estatus retirado Estado de pérdida Estado de daño No para préstamo Colección Biblioteca de origen Biblioteca actual Ubicación en estantería Fecha de adquisición Fuente de adquisición Total de préstamos Signatura topográfica completa Código de barras Visto por última vez Precio de reemplazo Tipo de ítem Koha
        Libros del s. XIX Biblioteca del Ateneo de Madrid Biblioteca del Ateneo de Madrid Sala Valle Inclán 17/01/2008     D-315-318 901160798 23/02/2023 23/02/2023 Libro impreso antiguo